[Event "Elit(LASK-Orgryte)"]
[Site "?"]
[Date "2015.01.18"]
[Round "6"]
[White "Tari, Aryan"]
[Black "Kumar, Rahul"]
[Result "1-0"]
[WhiteElo "2487"]
[BlackElo "2177"]
[PlyCount "77"]
[EventDate "2015.??.??"]

1. c4 c6 2. e4 d6 3. d4 Nf6 4. Nc3 e5 5. Nf3 Nbd7 6. Be2 Be7 7. O-O O-O 8. h3
a6 9. Be3 Re8 10. Qc2 b6 11. c5 b5 12. Rfd1 Qc7 13. cxd6 Bxd6 14. Rac1 Bb7 15.
Nd5 Qd8 16. dxe5 Nxe5 17. Nb6 Qb8 18. Nxa8 Bxa8 19. Nxe5 Bxe5 20. Bf3 c5 21.
Bxc5 Nxe4 22. Be3 h6 23. Kh1 Nd6 24. Bxa8 Qxa8 25. b3 Ne4 26. Qc6 Bf6 27. Qxa8
Rxa8 28. Rc7 Nc3 29. Rdd7 Re8 30. Ra7 Nxa2 31. Rxa6 Nc1 32. b4 Bc3 33. Rc6 Ne2
34. Rd3 Be5 35. g3 Ra8 36. Rc2 Ra1+ 37. Kg2 Re1 38. f4 Bf6 39. Kf2 1-0

[Event "Elit(LASK-Orgryte)"]
[Site "?"]
[Date "2015.01.18"]
[Round "6"]
[White "Smith, Axel"]
[Black "Eksmyr, Johan"]
[Result "1-0"]
[WhiteElo "2483"]
[BlackElo "2149"]
[PlyCount "105"]

1. d4 Nf6 2. c4 g6 3. Nc3 d5 4. cxd5 Nxd5 5. Bd2 Bg7 6. e4 Nb6 7. Be3 O-O 8.
Nf3 Bg4 9. Be2 Nc6 10. e5 Be6 11. O-O f6 12. exf6 exf6 13. Re1 Nd5 14. Bd2 Bf7
15. Rc1 Nce7 16. Qa4 Nb6 17. Qc2 Ned5 18. Ne4 Re8 19. Nc5 Rb8 20. b4 a6 21. a4
Bf8 22. h3 Bd6 23. Bf1 Nd7 24. Rxe8+ Qxe8 25. Re1 Qd8 26. g3 c6 27. Nh2 Nxc5
28. bxc5 Bf8 29. a5 Nc7 30. Ng4 Bd5 31. Bf4 Rc8 32. Bxc7 Rxc7 33. Re8 Qxe8 34.
Nxf6+ Kf7 35. Nxe8 Kxe8 36. Bc4 Bxc4 37. Qxc4 Rd7 38. h4 Rd5 39. Qb3 Rd7 40.
Kg2 Kd8 41. f4 Ke8 42. g4 Kd8 43. Kf3 Ke8 44. g5 Kd8 45. Kg4 Ke8 46. h5 gxh5+
47. Kxh5 Kd8 48. f5 Ke8 49. f6 Kd8 50. Qe6 Rc7 51. f7 Re7 52. Qf6 Kc7 53. Qf4+
1-0

[Event "Elit(LASK-Orgryte)"]
[Site "?"]
[Date "2015.01.18"]
[Round "6"]
[White "Gromark, Per-Olof"]
[Black "Semcesen, Daniel"]
[Result "0-1"]
[WhiteElo "2056"]
[BlackElo "2474"]
[PlyCount "96"]

1. Nf3 f5 2. b3 d6 3. d4 Nf6 4. Bb2 g6 5. e3 Bg7 6. Be2 O-O 7. O-O Qe8 8. Nbd2
Nc6 9. c4 e5 10. dxe5 dxe5 11. c5 Kh8 12. a3 a6 13. Qc2 Qe7 14. b4 Bd7 15. e4
Nh5 16. exf5 Nf4 17. Rfe1 gxf5 18. Bf1 e4 19. Nb3 Qf7 20. Nfd2 Ne5 21. Nc4 Ned3
22. Bxg7+ Qxg7 23. Re3 Ba4 24. Rb1 Rad8 25. Nb2 Bxb3 26. Qxb3 Ne5 27. Rg3 Qf6
28. Rd1 Ne6 29. Rxd8 Rxd8 30. Nc4 f4 31. Rh3 Ng5 32. Rc3 Nc6 33. Rc1 Nd4 34.
Qb2 Kg7 35. Qa1 Nb3 36. Qxf6+ Kxf6 37. Re1 Rd4 38. h4 Ne6 39. g3 h5 40. Kg2 f3+
41. Kg1 a5 42. Rb1 Nd2 43. Nxd2 Rxd2 44. Bc4 Nd4 45. Kf1 axb4 46. axb4 e3 47.
fxe3 Nf5 48. Ke1 Rc2 0-1

[Event "Elit(LASK-Orgryte)"]
[Site "?"]
[Date "2015.01.18"]
[Round "6"]
[White "Nilsson, Sebastian"]
[Black "Fransson, Percy"]
[Result "1-0"]
[WhiteElo "2321"]
[BlackElo "2120"]
[PlyCount "63"]

1. e4 e6 2. d4 d5 3. Nc3 Bb4 4. e5 c5 5. a3 Bxc3+ 6. bxc3 Qc7 7. Qg4 f5 8. Qg3
Nc6 9. Nf3 cxd4 10. cxd4 Nge7 11. Bd2 O-O 12. Bd3 Bd7 13. O-O Be8 14. Qh3 Qd7
15. Rfb1 Bg6 16. Rb5 Rac8 17. Rc1 h6 18. c4 a6 19. Rb6 dxc4 20. Bxc4 Bf7 21.
Rcb1 Nxd4 22. Rd6 Qa4 23. Rxd4 Rxc4 24. Rxc4 Qxc4 25. Rxb7 Nd5 26. Qg3 Qc6 27.
Bxh6 g6 28. Rb1 Nc3 29. Qh4 Be8 30. Re1 Rf7 31. Ng5 Re7 32. Ne4 1-0

[Event "Elit(Eksjo-Limhamn)"]
[Site "?"]
[Date "2015.01.18"]
[Round "6"]
[White "Hector, Jonny"]
[Black "Carlsson, Pontus"]
[Result "1-0"]
[WhiteElo "2472"]
[BlackElo "2465"]
[PlyCount "106"]

1. d4 Nf6 2. Nc3 d5 3. Bf4 a6 4. e3 c5 5. dxc5 e6 6. Na4 Bxc5 7. Nxc5 Qa5+ 8.
c3 Qxc5 9. Nf3 Nc6 10. Be2 O-O 11. O-O Re8 12. Ne5 Nxe5 13. Bxe5 Nd7 14. Bg3 e5
15. Rc1 b5 16. a4 Nb6 17. a5 Nc4 18. b3 Nd6 19. f3 Qxe3+ 20. Bf2 Qh6 21. Qxd5
Bb7 22. Qc5 e4 23. Be3 Qg6 24. Qg5 Nf5 25. Qxg6 hxg6 26. Bc5 Re5 27. b4 exf3
28. Bxf3 Bxf3 29. Rxf3 Rd8 30. Rff1 f6 31. Rcd1 Red5 32. Rxd5 Rxd5 33. Re1 Kf7
34. g4 Nd6 35. Kf2 Rd2+ 36. Kf3 g5 37. Re2 Rd3+ 38. Kf2 Rd5 39. Kf3 Rd3+ 40.
Kf2 Nc4 41. Re7+ Kg6 42. Bd4 Rd2+ 43. Kf3 Rxh2 44. Ra7 Nd2+ 45. Ke3 Nc4+ 46.
Ke4 Rh4 47. Rxa6 Rxg4+ 48. Kd5 Rh4 49. Re6 g4 50. a6 g3 51. a7 Rh8 52. Ra6 Rd8+
53. Kc6 Kf5 1-0

[Event "Elit(Eksjo-Limhamn)"]
[Site "?"]
[Date "2015.01.18"]
[Round "6"]
[White "Gdanski, Jacek"]
[Black "Jepson, Christian"]
[Result "1-0"]
[WhiteElo "2500"]
[BlackElo "2420"]
[PlyCount "121"]

1. e4 e5 2. Nf3 Nc6 3. Bb5 a6 4. Ba4 Nf6 5. O-O Be7 6. Re1 b5 7. Bb3 O-O 8. a4
b4 9. d3 d6 10. Nbd2 Rb8 11. h3 Be6 12. Bc4 Qc8 13. c3 bxc3 14. bxc3 Re8 15.
Bxe6 fxe6 16. Nf1 Bf8 17. Ng3 g6 18. Be3 Bg7 19. Qc2 Nd7 20. Qa2 Na5 21. h4 h6
22. Rab1 Nf6 23. d4 Ng4 24. dxe5 Nxe3 25. Rxb8 Qxb8 26. Rxe3 Qb3 27. Qxb3 Nxb3
28. exd6 cxd6 29. e5 dxe5 30. Nxe5 Nc5 31. a5 Bxe5 32. Rxe5 Rc8 33. h5 g5 34.
Ne4 Nxe4 35. Rxe4 Kf7 36. Rb4 Rc5 37. Rb7+ Kf6 38. Rh7 Rxa5 39. Rxh6+ Kf5 40.
Rh8 g4 41. Rg8 Kf6 42. h6 Rh5 43. Rxg4 a5 44. Ra4 Kg6 45. Re4 Kf6 46. f4 Rxh6
47. Re5 Rh8 48. Rxa5 Rc8 49. Ra3 Kf5 50. g3 Rb8 51. Kf2 Kg4 52. Ra6 Rb2+ 53.
Ke3 Rb1 54. Ra8 Re1+ 55. Kd2 Re4 56. Rg8+ Kf3 57. Rg5 Ra4 58. Kd3 Ra6 59. c4
Ra1 60. Kd4 Rc1 61. Rg6 1-0

[Event "Elit(Eksjo-Limhamn)"]
[Site "?"]
[Date "2015.01.18"]
[Round "6"]
[White "Brynell, Stellan"]
[Black "Vernersson, Per"]
[Result "1-0"]
[WhiteElo "2454"]
[BlackElo "2310"]
[PlyCount "61"]

1. d4 d5 2. c4 e6 3. Nf3 Nf6 4. Nc3 c5 5. cxd5 Nxd5 6. e4 Nxc3 7. bxc3 cxd4 8.
cxd4 Bb4+ 9. Bd2 Qa5 10. Rb1 Bxd2+ 11. Qxd2 Qxd2+ 12. Kxd2 O-O 13. Bd3 Rd8 14.
Rhc1 Nc6 15. Ke3 Kf8 16. h4 h6 17. g4 g6 18. g5 hxg5 19. hxg5 Ke7 20. Bb5 Bd7
21. Bxc6 Bxc6 22. Ne5 Rac8 23. Rc5 Rd6 24. Rh1 Rcd8 25. Rh7 Rxd4 26. Nxg6+ Kd7
27. Rxf7+ Kc8 28. Ne7+ Kb8 29. Rxc6 Rd3+ 30. Kf4 bxc6 31. Nxc6+ 1-0

[Event "Elit(Eksjo-Limhamn)"]
[Site "?"]
[Date "2015.01.18"]
[Round "6"]
[White "Bejtovic, Jasmin"]
[Black "Ahlander, Bjorn"]
[Result "1-0"]
[WhiteElo "2372"]
[BlackElo "2406"]
[PlyCount "115"]

1. c4 e6 2. d4 c5 3. d5 exd5 4. cxd5 d6 5. Nc3 Ne7 6. g3 Ng6 7. Bg2 Be7 8. Nf3
a6 9. a4 O-O 10. O-O Re8 11. Nd2 Nd7 12. h3 Rb8 13. Nc4 Qc7 14. a5 Nge5 15. Ne3
b5 16. f4 Ng6 17. Kh2 c4 18. Ne4 Nc5 19. Nxc5 Qxc5 20. Nc2 Bf6 21. e4 Nf8 22.
Be3 Qc7 23. Nd4 Bb7 24. Qd2 Bxd4 25. Bxd4 Nd7 26. b4 cxb3 27. Rfc1 Qd8 28. Qb2
f6 29. Qxb3 Rc8 30. Qb4 Qe7 31. h4 Nc5 32. Bxc5 dxc5 33. Qd2 Qd6 34. Re1 c4 35.
Qd4 Qc5 36. Qxc5 Rxc5 37. d6 Kf7 38. Rad1 Rd8 39. Bh3 Bc8 40. d7 Bb7 41. e5 c3
42. Bf5 g6 43. Bc2 fxe5 44. fxe5 Ke7 45. e6 b4 46. Bb3 Rxa5 47. Rd4 Rf5 48.
Rxb4 Bd5 49. Bxd5 Rxd5 50. Rc4 Rd2+ 51. Kh3 Rf2 52. Rxc3 a5 53. Rc6 h5 54. Re4
Ra8 55. Rc8 Rf8 56. Rec4 Kxe6 57. Rxa8 Rxa8 58. Rc8 1-0

[Event "Elit(Eksjo-Limhamn)"]
[Site "?"]
[Date "2015.01.18"]
[Round "6"]
[White "Johansson, Linus"]
[Black "Malesevic, Nedeljko"]
[Result "1-0"]
[WhiteElo "2396"]
[BlackElo "2265"]
[PlyCount "80"]

1. e4 c6 2. Nc3 d5 3. Nf3 Bg4 4. h3 Bxf3 5. Qxf3 e6 6. g3 Nf6 7. Bg2 Be7 8. O-O
O-O 9. Qe2 d4 10. Nd1 e5 11. f4 c5 12. f5 Nc6 13. Nf2 Rc8 14. c4 a6 15. d3 b5
16. b3 bxc4 17. bxc4 Rb8 18. h4 Ne8 19. Nh3 Rb7 20. g4 Bxh4 21. g5 f6 22. g6 h6
23. Bxh6 gxh6 24. Qh5 Bg5 25. Nxg5 fxg5 26. Qxh6 Qe7 27. g7 Qxg7 28. Qxc6 Nf6
29. Qe6+ Qf7 30. Qxe5 Qh5 31. Rf3 g4 32. Rf2 Rg7 33. Qe6+ Kh8 34. Qd6 Nh7 35.
Rb2 Rgg8 36. Qe5+ Rf6 37. Rb7 Qh6 38. Qg3 Ng5 39. Rb8 Rxb8 40. Qxb8+ Rf8 1-0

[Event "Elit(Eksjo-Limhamn)"]
[Site "?"]
[Date "2015.01.18"]
[Round "6"]
[White "Ornstein, Axel"]
[Black "Schneider, Stefan"]
[Result "1/2-1/2"]
[WhiteElo "2330"]
[BlackElo "2387"]
[PlyCount "96"]

1. d4 e6 2. c4 Bb4+ 3. Nd2 Nf6 4. Ngf3 O-O 5. a3 Be7 6. e4 d5 7. e5 Nfd7 8. c5
b6 9. b4 f6 10. Qc2 bxc5 11. bxc5 c6 12. exf6 Bxf6 13. Bd3 h6 14. Bb2 Ba6 15.
O-O Bxd3 16. Qxd3 Nxc5 17. Qc2 Ncd7 18. Rfe1 Re8 19. Re3 c5 20. dxc5 Bxb2 21.
Qxb2 Nxc5 22. Rae1 Nbd7 23. Nd4 Qb6 24. Qxb6 axb6 25. Nxe6 Nxe6 26. Rxe6 Rxe6
27. Rxe6 Rxa3 28. Rd6 Ra1+ 29. Nf1 Nf6 30. Rxb6 Ne4 31. Rb2 d4 32. f3 Nc3 33.
Rd2 Kf7 34. Kf2 Ra4 35. Ng3 Ke6 36. Ne2 Ke5 37. g3 g5 38. Nc1 Ra1 39. Nb3 Ra4
40. Nc5 Ra1 41. Nb3 Ra4 42. f4+ Kd5 43. Kf3 Ne4 44. Rxd4+ Rxd4 45. Nxd4 Kxd4
46. fxg5 hxg5 47. h4 Ke5 48. hxg5 Nxg5+ 1/2-1/2

[Event "Elit(Eksjo-Limhamn)"]
[Site "?"]
[Date "2015.01.18"]
[Round "6"]
[White "Lindgren, Philip"]
[Black "Al-Saadi, Ali Ghazi"]
[Result "1-0"]
[WhiteElo "2341"]
[BlackElo "2127"]
[PlyCount "57"]

1. c4 e5 2. g3 Nf6 3. Bg2 d5 4. cxd5 Nxd5 5. Nc3 Nb6 6. Nf3 Nc6 7. O-O Be7 8.
a3 a5 9. d3 Be6 10. Be3 Nd5 11. Nxd5 Bxd5 12. Qa4 O-O 13. Rac1 Re8 14. Rfd1 Qd7
15. Nxe5 Nxe5 16. Qxd7 Nxd7 17. Bxd5 c6 18. Bf3 Ne5 19. Be4 g6 20. Rc2 f5 21.
Bg2 Ng4 22. Bc1 Red8 23. Bd2 Rd7 24. Rb1 a4 25. h3 Nf6 26. Bf3 Ra6 27. Rc4 c5
28. Be3 b6 29. Bc6 1-0

[Event "Elit(Eksjo-Limhamn)"]
[Site "?"]
[Date "2015.01.18"]
[Round "6"]
[White "Gustafsson, Fredrik"]
[Black "Penalver, Osmani"]
[Result "1-0"]
[WhiteElo "2166"]
[BlackElo "2272"]
[PlyCount "57"]

1. e4 c5 2. Nc3 d6 3. g3 Nc6 4. Bg2 e5 5. d3 h5 6. h4 Bg4 7. f3 Be6 8. Bh3 Qd7
9. Nd5 O-O-O 10. c3 f5 11. b4 cxb4 12. c4 Kb8 13. Be3 Nge7 14. a3 b3 15. Qxb3
Nd4 16. Bxd4 exd4 17. Rb1 g6 18. Rh2 Ka8 19. Rhb2 Bxd5 20. cxd5 Rb8 21. Ne2 Bg7
22. Qb4 Rhe8 23. Kf2 Qd8 24. Nf4 Bh6 25. Ne6 Nxd5 26. exd5 Qe7 27. Qxd4 f4 28.
Rb4 Rec8 29. Qxa7+ 1-0

[Event "Elit(Vasteras-Kungstornet)"]
[Site "?"]
[Date "2015.03.07"]
[Round "6"]
[White "Lyrberg, Patrik"]
[Black "Akesson, Ralf"]
[Result "1-0"]
[WhiteElo "2456"]
[BlackElo "2456"]
[PlyCount "67"]
[EventDate "2015.??.??"]

1. d4 Nf6 2. c4 e6 3. Nf3 b6 4. g3 Bb7 5. Bg2 Be7 6. Nc3 Ne4 7. Qb3 Nxc3 8.
Qxc3 O-O 9. O-O f5 10. Rd1 Bf6 11. b4 Qe7 12. Ba3 d6 13. Rac1 a6 14. Qe3 Be4
15. Ne1 Bxg2 16. Nxg2 Nd7 17. c5 Rfc8 18. d5 exd5 19. Rxd5 bxc5 20. bxc5 Nxc5
21. Bxc5 dxc5 22. Rxf5 Rab8 23. Qxc5 Qxe2 24. Qd5+ Kh8 25. Nf4 Qb2 26. Qc4 c5
27. Rh5 h6 28. Rc2 Qd4 29. Qf7 Rb1+ 30. Kg2 Qe4+ 31. Kh3 Bg5 32. Re2 Qc6 33.
Re6 Qb7 34. Rexh6+ 1-0

[Event "Elit(Vasteras-Kungstornet)"]
[Site "?"]
[Date "2015.03.07"]
[Round "6"]
[White "Sjodahl, Pontus"]
[Black "Aronsson, Marten"]
[Result "1-0"]
[WhiteElo "2414"]
[BlackElo "2289"]
[PlyCount "137"]

1. d4 d5 2. c4 c6 3. Nf3 Nf6 4. Qb3 e6 5. g3 a6 6. Bg2 Nbd7 7. O-O Be7 8. Nc3
b5 9. cxd5 cxd5 10. Bf4 Bb7 11. Rfc1 Nh5 12. Bd2 Rc8 13. e3 O-O 14. Ne2 Qb6 15.
Ne5 Nhf6 16. Nxd7 Nxd7 17. Bb4 Bxb4 18. Qxb4 Rc4 19. Qe7 Qd8 20. Qxd8 Rxd8 21.
Kf1 Rdc8 22. Ke1 Kf8 23. Kd2 Ke7 24. b3 Rxc1 25. Nxc1 Kd6 26. Nd3 Bc6 27. Bf1
a5 28. a3 Nf6 29. f3 Nd7 30. Be2 f6 31. g4 Rh8 32. h4 e5 33. Rc1 Re8 34. Rg1 h6
35. f4 exf4 36. Nxf4 Nf8 37. g5 hxg5 38. hxg5 Ne6 39. gxf6 gxf6 40. Nh5 Rf8 41.
Rf1 Ke7 42. Bd3 Bd7 43. Ng3 Nc7 44. Rc1 Kd6 45. e4 Re8 46. Rf1 Ke7 47. Rh1 Rf8
48. Rc1 dxe4 49. Bxe4 Kd6 50. Rc5 Be6 51. Bc2 Kd7 52. Rh5 Rg8 53. Ne4 Rg2+ 54.
Kc1 Nd5 55. Nc5+ Ke7 56. Be4 Rg5 57. Rh7+ Bf7 58. Kd2 b4 59. a4 Nc3 60. Bd3 Ke8
61. Bb5+ Nxb5 62. axb5 Rd5 63. Ke3 Rh5 64. b6 Rxh7 65. b7 Rh3+ 66. Kf2 Rh2+ 67.
Kg3 Rg2+ 68. Kh3 Rc2 69. b8=Q+ 1-0

[Event "Elit(Vasteras-Kungstornet)"]
[Site "?"]
[Date "2015.03.07"]
[Round "6"]
[White "von Bahr, Oskar"]
[Black "Norberg, Johan"]
[Result "1-0"]
[WhiteElo "2358"]
[BlackElo "2308"]
[PlyCount "51"]

1. c4 e5 2. g3 Nc6 3. Bg2 f5 4. Nc3 Nf6 5. e3 Bb4 6. Nge2 O-O 7. d4 e4 8. O-O
d5 9. Nxd5 Nxd5 10. cxd5 Qxd5 11. f3 exf3 12. Bxf3 Qd6 13. Nf4 Ba5 14. Bd2 Bb6
15. Rc1 Re8 16. Bd5+ Kh8 17. Qh5 Rf8 18. Rxc6 bxc6 19. Bb4 Qf6 20. Bxf8 cxd5
21. Qe8 Bb7 22. Bxg7+ Kxg7 23. Nh5+ Kh6 24. Nxf6 Rxe8 25. Nxe8 Bc6 26. Nxc7 1-0

[Event "Elit(Vasteras-Kungstornet)"]
[Site "?"]
[Date "2015.03.07"]
[Round "6"]
[White "Bergstrom, Peter"]
[Black "Larsson, Anders"]
[Result "1-0"]
[WhiteElo "2311"]
[BlackElo "2256"]
[PlyCount "93"]

1. e4 e6 2. d4 d5 3. Nc3 Bb4 4. Nge2 dxe4 5. a3 Be7 6. Nxe4 Bd7 7. Qd3 Bc6 8.
Bf4 Nd7 9. N2c3 Ngf6 10. f3 O-O 11. O-O-O Nd5 12. Nxd5 Bxd5 13. c4 Bxe4 14.
Qxe4 c6 15. Bd3 Nf6 16. Qe5 Re8 17. g4 Nd7 18. Qe4 Nf8 19. Kb1 Qd7 20. Qe2 Bf6
21. Be3 a6 22. g5 Bd8 23. Be4 Rc8 24. h4 Qe7 25. Bd2 Bc7 26. Bc3 Bd6 27. Qg2 c5
28. dxc5 Bxc5 29. f4 Qc7 30. Bxb7 Rb8 31. Bxa6 Qxf4 32. Bb5 Red8 33. Rdf1 Qc7
34. Qe4 Bxa3 35. bxa3 Rxb5+ 36. cxb5 Qxc3 37. Rf3 Qc5 38. Qb4 Qd5 39. Rhf1 Rd7
40. a4 e5 41. Rc3 g6 42. Qc4 Qd6 43. Rb3 Ne6 44. b6 Nd4 45. Rb2 Qb8 46. a5 Qb7
47. Re1 1-0

[Event "Elit(Vasteras-Kungstornet)"]
[Site "?"]
[Date "2015.03.07"]
[Round "6"]
[White "Henriksson, Johan"]
[Black "Janse, Rasmus"]
[Result "1-0"]
[WhiteElo "2271"]
[BlackElo "2229"]
[PlyCount "131"]
[SourceDate "2015.03.14"]

1. d4 e6 2. g3 Nf6 3. Bg2 d5 4. Nf3 Be7 5. O-O O-O 6. c4 c6 7. Nc3 b6 8. Bf4
Ba6 9. cxd5 cxd5 10. Qa4 Qd7 11. Qd1 Nc6 12. Rc1 Rac8 13. Re1 Ne4 14. Qa4 Nxc3
15. bxc3 Nb8 16. Qc2 Ba3 17. Rb1 Qc6 18. Bxb8 Rxb8 19. Ne5 Qd6 20. e4 Rbc8 21.
exd5 exd5 22. Qa4 b5 23. Qa5 f6 24. Nd3 Rc4 25. Bxd5+ Qxd5 26. Nf4 Qb7 27. Qxa3
Rfc8 28. Re7 Rxc3 29. Rxb7 Rxa3 30. Rxa7 b4 31. Ne6 Bc4 32. Rxg7+ Kh8 33. Re7
Rxa2 34. Rxb4 Bd5 35. Rb1 Re2 36. Nf4 Rxe7 37. Nxd5 Re6 38. Nf4 Rec6 39. Kg2
Kg7 40. d5 Rd6 41. Rb7+ Kh6 42. h4 Rcd8 43. Rb5 R8d7 44. g4 Kg7 45. Kf3 Ra6 46.
Ke4 Ra1 47. Kf5 Ra6 48. Rc5 Kf7 49. g5 Rad6 50. Ke4 Re7+ 51. Ne6 fxg5 52. hxg5
h6 53. Kf5 hxg5 54. Nxg5+ Kg7 55. Ne6+ Kf7 56. f4 Ra6 57. Rc8 Rd7 58. Ke5 Ra5
59. Nc5 Rda7 60. d6 Ra8 61. Rc7+ Ke8 62. Ke6 Ra1 63. Re7+ Kf8 64. Nd7+ Kg8 65.
Nf6+ Kf8 66. Rf7# 1-0

[Event "Elit(Vasteras-Kungstornet)"]
[Site "?"]
[Date "2015.03.07"]
[Round "6"]
[White "Eriksson, Anders"]
[Black "Engstrom, Kaj"]
[Result "0-1"]
[WhiteElo "2277"]
[BlackElo "2216"]
[PlyCount "94"]
[SourceDate "2015.03.14"]

1. Nf3 d5 2. g3 Nf6 3. Bg2 Bf5 4. O-O Qc8 5. c4 c6 6. Qb3 Nbd7 7. d4 dxc4 8.
Qxc4 Nb6 9. Qb3 Be6 10. Qd1 Bh3 11. Nc3 Bxg2 12. Kxg2 e6 13. e4 Be7 14. Bf4 O-O
15. Qe2 Rd8 16. Rac1 Qd7 17. Rfd1 Qe8 18. Ne5 Nfd7 19. Nf3 Rac8 20. Qc2 Nf8 21.
Qb3 h6 22. a4 Ng6 23. Be3 c5 24. a5 Nc4 25. Qxb7 Rb8 26. Qa6 Nxe3+ 27. fxe3
Rxb2+ 28. Rd2 Rxd2+ 29. Nxd2 cxd4 30. exd4 Rxd4 31. Nf3 Rb4 32. Rc2 Qd7 33. Qe2
Qb7 34. a6 Qa8 35. Rb2 Qb8 36. Rxb4 Qxb4 37. Qd3 Qa3 38. Qc4 Qb2+ 39. Kh3 Qf2
40. Qd3 Bf6 41. Nd1 Qa2 42. Ne3 h5 43. Ng2 Qf2 44. Nf4 Nxf4+ 45. gxf4 e5 46. f5
Kh7 47. Qb3 Qf1+ 0-1

[Event "Elit(Vasteras-Kungstornet)"]
[Site "?"]
[Date "2015.03.07"]
[Round "6"]
[White "Backlund, Anders"]
[Black "Orndahl, Markus"]
[Result "1-0"]
[WhiteElo "2256"]
[BlackElo "2156"]
[PlyCount "59"]

1. c4 Nf6 2. Nc3 g6 3. g3 e5 4. Bg2 Bg7 5. d3 O-O 6. e4 d6 7. Nge2 c6 8. O-O
Nbd7 9. h3 Nh5 10. g4 Nhf6 11. Bg5 h6 12. Be3 Nc5 13. f4 exf4 14. Nxf4 Qe7 15.
Qd2 Kh7 16. Rae1 Ne6 17. d4 Ne8 18. Nxe6 Bxe6 19. b3 Qc7 20. Ne2 a5 21. Nf4 Bc8
22. Nd3 Qd8 23. Rf2 Nc7 24. Ref1 Qe7 25. d5 Bd7 26. c5 Nb5 27. cxd6 Nxd6 28. e5
Bxe5 29. Nxe5 Qxe5 30. Bf4 1-0

[Event "Elit(Vasteras-Kungstornet)"]
[Site "?"]
[Date "2015.03.07"]
[Round "6"]
[White "Norberg, Erik"]
[Black "Holmquist, Gunnar"]
[Result "1-0"]
[WhiteElo "2235"]
[BlackElo "2187"]
[PlyCount "57"]

1. g3 Nf6 2. Bg2 d5 3. Nf3 g6 4. b4 Bg7 5. Bb2 c6 6. O-O a5 7. a3 axb4 8. axb4
Rxa1 9. Bxa1 Qb6 10. c3 O-O 11. d3 Bg4 12. Nbd2 Nbd7 13. h3 Bxf3 14. Bxf3 Ra8
15. Qb3 Ne5 16. Bg2 Nh5 17. Kh2 Bh6 18. e3 Nxd3 19. c4 Nxf2 20. Bd4 Qc7 21.
Rxf2 Qxg3+ 22. Kg1 e5 23. Nf1 Qg5 24. Bb2 Ng3 25. cxd5 Nxf1 26. dxc6 bxc6 27.
Qxf7+ Kh8 28. Rxf1 Qxe3+ 29. Kh1 1-0

[Event "Elit(Team Viking-Solna)"]
[Site "?"]
[Date "2015.03.07"]
[Round "6"]
[White "Jonsson, Mikael"]
[Black "Berg, Emanuel"]
[Result "0-1"]
[WhiteElo "2293"]
[BlackElo "2545"]
[PlyCount "82"]

1. d4 Nf6 2. c4 g6 3. Nc3 Bg7 4. e4 d6 5. Nf3 O-O 6. Be2 Nbd7 7. O-O e5 8. Re1
Re8 9. d5 Qe7 10. Rb1 c5 11. dxc6 bxc6 12. b4 Bb7 13. h3 c5 14. Bf1 cxb4 15.
Nd5 Bxd5 16. cxd5 Reb8 17. a3 a5 18. axb4 axb4 19. Bg5 Nc5 20. Nd2 h6 21. Bxf6
Bxf6 22. Nb3 Na4 23. Ra1 Qd7 24. Bc4 Bd8 25. Qg4 Qe8 26. Kh1 Nc3 27. Ba6 Bb6
28. f4 Nxe4 29. Rxe4 f5 30. Qh4 fxe4 31. Qxh6 exf4 32. Qxf4 Qe7 33. Qh6 Qg7 34.
Qf4 Qe7 35. Qh6 Qf6 36. Ra2 Rxa6 37. Rxa6 Qf1+ 38. Kh2 Bg1+ 39. Kg3 Qf2+ 40.
Kg4 Qxg2+ 41. Kh4 Bf2# 0-1

[Event "Elit(Team Viking-Solna)"]
[Site "?"]
[Date "2015.03.07"]
[Round "6"]
[White "Cramling, Pia"]
[Black "Karlsson, Tomas"]
[Result "1/2-1/2"]
[WhiteElo "2495"]
[BlackElo "2253"]
[PlyCount "76"]

1. Nf3 d5 2. d4 e6 3. c4 Nf6 4. Nc3 Be7 5. Bg5 h6 6. Bh4 O-O 7. e3 b6 8. Qb3
dxc4 9. Bxc4 Bb7 10. O-O Ne4 11. Bg3 Nd7 12. Rfd1 Nxg3 13. hxg3 c6 14. Rac1 Rc8
15. a3 Rc7 16. Qc2 Qa8 17. e4 Rd8 18. Qe2 Nf6 19. Ne5 a6 20. Ba2 c5 21. d5 exd5
22. Nxd5 Bxd5 23. exd5 Bd6 24. Nc6 Re8 25. Qf3 Qc8 26. Re1 Qd7 27. a4 b5 28.
Rxe8+ Qxe8 29. Rd1 Qe4 30. Qxe4 Nxe4 31. Bb1 Nf6 32. Bd3 c4 33. Be2 Nxd5 34.
axb5 axb5 35. Rxd5 Rxc6 36. Rxb5 c3 37. bxc3 Rxc3 38. Rb2 Rc1+ 1/2-1/2

[Event "Elit(Team Viking-Solna)"]
[Site "?"]
[Date "2015.03.07"]
[Round "6"]
[White "Landgren, Andreas"]
[Black "Agrest, Evgenij"]
[Result "0-1"]
[WhiteElo "2246"]
[BlackElo "2594"]
[PlyCount "84"]

1. d4 d5 2. c4 c6 3. Nf3 Nf6 4. Nc3 e6 5. Bg5 Nbd7 6. cxd5 exd5 7. e3 Be7 8.
Qc2 O-O 9. Bd3 Re8 10. O-O Nf8 11. h3 Be6 12. Ne5 N6d7 13. Bxe7 Rxe7 14. f4 f6
15. Nf3 Nb6 16. Rae1 Qd6 17. f5 Bf7 18. e4 dxe4 19. Nxe4 Qc7 20. Nc5 Rae8 21.
Re4 Bd5 22. Rg4 Re3 23. Ne5 h5 24. Rg6 Nxg6 25. fxg6 fxe5 26. Qd1 Rf8 27. Bf5
Rxf5 28. Rxf5 Bc4 29. Qxh5 Re1+ 30. Kh2 exd4+ 31. g3 Re2+ 32. Kh1 Bd5+ 33. Rxd5
Re1+ 34. Kg2 Nxd5 35. Qh7+ Kf8 36. Qh8+ Ke7 37. Qxg7+ Kd6 38. Qf8+ Qe7 39. g7
Kc7 40. Qf2 Re2 41. g8=Q Rxf2+ 42. Kxf2 Qxc5 0-1

[Event "Elit(Team Viking-Solna)"]
[Site "?"]
[Date "2015.03.07"]
[Round "6"]
[White "Nithander, Victor"]
[Black "Steneskog, Per"]
[Result "1/2-1/2"]
[WhiteElo "2428"]
[BlackElo "2207"]
[PlyCount "149"]

1. e4 e6 2. d4 d5 3. Nd2 Nf6 4. e5 Nfd7 5. f4 c5 6. c3 Nc6 7. Ndf3 Qb6 8. a3
Be7 9. b4 cxd4 10. cxd4 a6 11. Be3 Qc7 12. Bd3 b5 13. Ne2 Nb6 14. O-O Bd7 15.
g4 Nc4 16. Bxc4 bxc4 17. Nc3 Na7 18. f5 Nb5 19. Nxb5 axb5 20. Ng5 Bxg5 21. Bxg5
h6 22. Bh4 h5 23. Ra2 hxg4 24. Qxg4 Rh7 25. Qg5 Bc8 26. a4 Rxa4 27. Rxa4 bxa4
28. b5 exf5 29. b6 Rxh4 30. bxc7 Rg4+ 31. Qxg4 fxg4 32. Ra1 Kd7 33. Rxa4 Kxc7
34. Ra7+ Kb6 35. Ra8 Bf5 36. Rb8+ Kc7 37. Rb5 Be4 38. Kf2 Kd7 39. Kg3 c3 40.
Rc5 c2 41. Kxg4 Ke6 42. Rc6+ Kd7 43. Rc3 Ke6 44. Kg5 Ke7 45. Rc7+ Kd8 46. Rc3
Ke7 47. h4 Ke6 48. Rc7 Bd3 49. Rc6+ Ke7 50. Rc3 Kd7 51. Kf4 Be4 52. Ke3 Ke6 53.
Kd2 Ke7 54. h5 Kf8 55. Rc8+ Ke7 56. Rg8 Bf3 57. Rxg7 Bxh5 58. Kxc2 Bg6+ 59. Kd2
Kf8 60. Rxg6 fxg6 61. Ke3 g5 62. Kf3 Kf7 63. Kg4 Kg6 64. e6 Kf6 65. e7 Kxe7 66.
Kxg5 Kf7 67. Kf5 Ke7 68. Ke5 Ke8 69. Kxd5 Kd7 70. Ke5 Ke7 71. d5 Kd7 72. d6 Kd8
73. Ke6 Ke8 74. d7+ Kd8 75. Kd6 1/2-1/2

[Event "Elit(Team Viking-Solna)"]
[Site "?"]
[Date "2015.03.07"]
[Round "6"]
[White "Johansson, Gunnar"]
[Black "Bellon Lopez, Juan"]
[Result "1/2-1/2"]
[WhiteElo "2222"]
[BlackElo "2357"]
[PlyCount "134"]

1. d4 d5 2. c4 c6 3. Nf3 Nf6 4. e3 Bf5 5. Nc3 e6 6. Nh4 Be4 7. f3 Bg6 8. Qb3
Qc7 9. Bd2 Be7 10. Nxg6 hxg6 11. Be2 dxc4 12. Bxc4 Nbd7 13. g3 a6 14. a4 O-O
15. O-O Rad8 16. Rad1 b5 17. axb5 cxb5 18. Be2 Nb6 19. Be1 e5 20. dxe5 Qxe5 21.
Bf2 Bc5 22. Rxd8 Rxd8 23. Rd1 Rxd1+ 24. Nxd1 Nfd5 25. e4 Nc7 26. Qc3 Bxf2+ 27.
Kxf2 Qd6 28. Qd3 Qxd3 29. Bxd3 Kf8 30. Ke3 Ke7 31. e5 Ne6 32. f4 Nd5+ 33. Ke4
Nb4 34. Bf1 f5+ 35. exf6+ gxf6 36. h4 Ng7 37. Ne3 f5+ 38. Kf3 Kd6 39. g4 Nd5
40. Nxd5 Kxd5 41. Bd3 Kd4 42. Bb1 a5 43. Ba2 fxg4+ 44. Kxg4 Ke3 45. Kg5 Nh5 46.
f5 gxf5 47. Kxh5 f4 48. Kg4 f3 49. Bd5 f2 50. Bg2 a4 51. h5 b4 52. h6 a3 53.
bxa3 b3 54. h7 b2 55. h8=Q b1=Q 56. Qe5+ Kd2 57. Qf4+ Kc3 58. Kg3 Qe1 59. Kh2
Kb3 60. a4 Qb4 61. Qxf2 Qd6+ 62. Kg1 Kxa4 63. Qb2 Qc5+ 64. Kh1 Qh5+ 65. Kg1
Qc5+ 66. Kh2 Qd6+ 67. Kh3 Qa3+ 1/2-1/2

[Event "Elit(Team Viking-Solna)"]
[Site "?"]
[Date "2015.03.07"]
[Round "6"]
[White "Westerberg, Jonathan"]
[Black "Lindborg, Petter"]
[Result "1-0"]
[WhiteElo "2432"]
[BlackElo "2201"]
[PlyCount "67"]

1. e4 e6 2. d4 d5 3. Nc3 Bb4 4. e5 Ne7 5. Bd2 c5 6. Nb5 Bxd2+ 7. Qxd2 O-O 8. f4
Bd7 9. dxc5 Bxb5 10. Bxb5 b6 11. c6 Nbxc6 12. Nf3 Qc7 13. O-O-O f6 14. exf6
Rxf6 15. g3 Qd6 16. Rhe1 a6 17. Bf1 b5 18. Ng5 Rh6 19. Bh3 Nd8 20. Qe2 Rc8 21.
Bxe6+ Nxe6 22. Nxe6 Nc6 23. Qg4 Rg6 24. Ng5 Rf8 25. f5 Qd7 26. Re6 Rxe6 27.
Nxe6 Rf7 28. Qh5 h6 29. g4 Ne5 30. Qh3 Nc4 31. Qg3 Qe7 32. Rxd5 Qb4 33. Rd8+
Kh7 34. Ng5+ 1-0